Städte von oben - Statistiken

Allgemein
  • Dieses Quiz wurde 78 mal gespielt
  • Das Durchschnittsergebnis liegt bei 9 aus 16
Antwortstatistiken
Bildquiz Antwort % Korrekt
Dubai
92%
Paris
86%
San Francisco
83%
Barcelona
82%
London
82%
Rom
80%
Berlin
70%
Hamburg
65%
Tokio
58%
Bremen
44%
Lissabon
41%
Sydney
32%
Bottrop
20%
Darmstadt
10%
Emden
10%
Leer
4%
Keine übereinstimmenden Quizze gefunden
Verteilung der Resultate
Anzahl Personen mit jedem Resultat
Perzentil nach korrekt beantworteten Fragen
Ihre Resultats-Entwicklung
Sie haben dieses Quiz noch nicht gespielt